Chuan zhu : Xuan cai pian
| Main Author: | |
|---|---|
| Format: | Book |
| Published: |
Changsha :
Hunan mei shu chu ban she ,
2007
|
| Series: | Shuo gang fang meihua shenghuo qingqu diy xilie : 1
|
| Subjects: |
MARC
| LEADER | 00000cam a2200000 7i4500 | ||
|---|---|---|---|
| 001 | 0000022778 | ||
| 005 | 20080806.0 | ||
| 008 | 080806 | ||
| 020 | |a 7535625861 | ||
| 090 | 0 | 0 | |a 745.582 |b AYI |
| 100 | 1 | |a Aying | |
| 245 | 1 | 0 | |a Chuan zhu : |b Xuan cai pian |c Aying bian zhu |
| 260 | |a Changsha : |b Hunan mei shu chu ban she , |c 2007 | ||
| 440 | |a Shuo gang fang meihua shenghuo qingqu diy xilie : 1 | ||
| 650 | 0 | |a Beadwork | |
| 650 | 0 | |a Jewelry making | |
| 999 | |a 0001030757 |b Book |c Chinese Collection |e Perbadanan Perpustakaan Awam Johor | ||